Odd-Looking Animals Picture Quiz - Statistics

General Stats
  • This quiz has been taken 59 times
  • The average score is 6 of 15
Answer Stats
Picture Answer % Correct
Platypus
95%
Axolotl
67%
Naked Mole-Rat
62%
Pangolin
62%
Echidna
58%
Aye-Aye
51%
Leafy Seadragon
44%
Harpy Eagle
35%
Thorny Devil
29%
Angora Rabbit
27%
Mouse Deer
22%
Bilby
20%
Komondor
7%
Brookesia Micra
5%
Uroplatus
5%
No matching quizzes found
Score Distribution
Percent of People with Each Score
Percentile by Number Answered
Your Score History
You have not taken this quiz